Statistics for The Simpsons voice actors by characters

Click here to take the quiz!

General Stats

  • This quiz has been taken 37 times
  • The average score is 9 of 16

Answer Stats

CharactersVoice actor% Correct
Moe, Apu, Comic Book Guy, Chief Wiggum, Disco Stu, Cletus, Kirk, Sea Captain, Professor Frink, Superintendent Chalmers, Dr Nick, Bumblebee Man, DuffmanHank Azaria
91%
Mr Burns, Otto, Lenny, Smithers, Ned Flanders, Jasper, Reverend Lovejoy, Principal Skinner, McBain, Kent Brockman, Mr Largo, Kang, GodHarry Shearer
91%
Bart, Kearny, Nelson, Rod, Todd, RalphNancy Cartwright
81%
Marge, Patty, Selma, JacquelineJulie Kavner
78%
LisaYeardley Smith
75%
Homer, Grampa, Groundskeeper Willie, Barney, Krusty, Blue Haired Lawyer, KodosDan Castellaneta
72%
Sideshow BobKelsey Grammer
72%
Lionel Hutz, Troy McClurePhil Hartman
63%
Edna KrabappelMarcia Wallace
53%
Artie Ziff, Jay Sherman, Llewellyn SinclairJon Lovitz
53%
Mona SimpsonGlenn Close
44%
Milhouse, Jimbo Jones, Wendell, Malibu Stacey, Ruth PowersPamela Hayden
41%
Maggie SimpsonElizabeth Taylor
41%
Agnes Skinner, Lindsey Naegle, Bernice, Brandine Spuckler, Cookie Kwan, Mrs Glick, Crazy Cat LadyTress MacNeille
31%
Martin Prince, Sherri, TerriRussi Taylor
28%
Maude Flanders, Luann Van Houten, Helen Lovejoy, Miss Hoover, Governor BaileyMaggie Roswell
25%

Score Distribution

Percentile by Number Answered

Percent of People with Each Score

Your Score History

You have not taken this quiz